[Event "Florianopolis op 5th"]
[Site "Florianopolis"]
[Date "2019.01.24"]
[Round "5"]
[White "Bail, Ellen Larissa"]
[Black "Nunes dos Santos, Rafael"]
[Result "1-0"]
[WhiteElo "1803"]
[BlackElo "1350"]
[PlyCount "65"]
[EventDate "2019.01.21"]
[EventType "swiss"]
[EventRounds "10"]
[EventCountry "BRA"]
[SourceTitle "CBM 188 Extra"]
[Source "ChessBase"]
[SourceDate "2019.02.26"]
[SourceVersion "1"]
[SourceVersionDate "2019.02.26"]
[SourceQuality "1"]

1. Nf3 Nc6 2. d4 d5 3. c4 e6 4. a3 h6 5. Nc3 Nf6 6. Bf4 a6 7. e3 g5 8. Bg3 g4 9. Ne5 h5 10. h3 h4 11. hxg4 hxg3 12. Rxh8 gxf2+ 13. Kxf2 Nxe5 14. dxe5 Nd7 15. Qd4 Qg5 16. Rh5 Qg7 17. cxd5 Bc5 18. Qf4 Nb6 19. Ne4 Nxd5 20. Nf6+ Qxf6 21. Qxf6 Bxe3+ 22. Kf3 Nxf6 23. exf6 Bc5 24. Rxc5 c6 25. Rd1 Bd7 26. Rh5 0-0-0 27. Rh7 e5 28. Be2 Rf8 29. Bc4 Rd8 30. Kg3 Rg8 31. Rg7 Rh8 32. Bxf7 c5 33. Rg8+ 1-0

[Event "Limeira Nacional Inn op"]
[Site "Limeira"]
[Date "2018.10.21"]
[Round "6"]
[White "Nunes dos Santos, Rafael"]
[Black "Nobre, Jose Adalberto Barb"]
[Result "1-0"]
[WhiteElo "1339"]
[BlackElo "1631"]
[PlyCount "55"]
[EventDate "2018.10.19"]
[EventType "swiss"]
[EventRounds "6"]
[EventCountry "BRA"]
[SourceTitle "CBM 187 Extra"]
[Source "ChessBase"]
[SourceDate "2018.11.04"]
[SourceVersion "1"]
[SourceVersionDate "2018.11.04"]
[SourceQuality "1"]

1. g4 e5 2. Bg2 Bc5 3. c3 Nc6 4. Nf3 e4 5. Nd4 d5 6. Nxc6 bxc6 7. d4 exd3 8. exd3 Qh4 9. Qe2+ Be6 10. d4 Bd6 11. h3 Nf6 12. Nd2 0-0 13. Nf3 Bxg4 14. hxg4 Qxg4 15. Rg1 Rfe8 16. Be3 Rab8 17. Bf1 Qc8 18. Qc2 Ne4 19. Bd3 f5 20. 0-0-0 f4 21. Bd2 Nxf2 22. Bxh7+ Kf8 23. Rdf1 Ne4 24. Ne5 Ba3 25. Rxf4+ Nf6 26. Rxf6+ gxf6 27. Bh6+ Ke7 28. Nxc6+ 1-0

[Event "Registro Hirota Memorial U2200 3rd"]
[Site "Registro"]
[Date "2018.07.28"]
[Round "1.8"]
[White "Nunes dos Santos, Rafael"]
[Black "Salvadego, Matheus Henrique De"]
[Result "0-1"]
[WhiteElo "1363"]
[BlackElo "1800"]
[PlyCount "53"]
[EventDate "2018.07.28"]
[EventType "swiss"]
[EventRounds "6"]
[EventCountry "BRA"]
[SourceTitle "EXT 2022"]
[Source "ChessBase"]
[SourceDate "2021.10.06"]
[SourceVersion "1"]
[SourceVersionDate "2021.10.06"]
[SourceQuality "1"]

1. g4 e5 2. Bg2 c6 3. c3 d5 4. Qb3 Bc5 5. Nf3 e4 6. Nd4 Nf6 7. g5 Ng4 8. h3 Ne5 9. f4 exf3 10. Bxf3 Qxg5 11. Kd1 Nxf3 12. Nxf3 Qg2 13. Rh2 Qf1+ 14. Kc2 Bd6 15. c4 Bxh2 16. Nxh2 Bf5+ 17. d3 Qxe2+ 18. Nd2 0-0 19. Ng4 Nd7 20. Nh6+ gxh6 21. Qa3 dxc4 22. Kc3 Qxd3+ 23. Kb4 c5+ 24. Ka5 b6+ 25. Ka6 Nb8+ 26. Kb7 Qd7+ 27. Kxa8 0-1

[Event "Cananeia U2200"]
[Site "Cananeia"]
[Date "2018.06.23"]
[Round "3.5"]
[White "Nunes dos Santos, Rafael"]
[Black "Dias, Juliane de Oliveira"]
[Result "0-1"]
[WhiteElo "1389"]
[BlackElo "1792"]
[PlyCount "108"]
[EventDate "2018.06.23"]
[EventType "swiss"]
[EventRounds "6"]
[EventCountry "BRA"]
[SourceTitle "EXT 2022"]
[Source "ChessBase"]
[SourceDate "2021.10.06"]
[SourceVersion "1"]
[SourceVersionDate "2021.10.06"]
[SourceQuality "1"]

1. g4 d5 2. Bg2 Bxg4 3. c4 e6 4. c5 Bxc5 5. Qa4+ Nc6 6. Qxg4 Qf6 7. Nf3 Nh6 8. Qg3 0-0-0 9. Nc3 Nf5 10. Qg5 Nfd4 11. Qxf6 gxf6 12. Nxd4 Nxd4 13. Kd1 Rhg8 14. e3 Nf5 15. Bf3 Nh4 16. Be2 Rg2 17. d4 Bb4 18. Bd2 Rdg8 19. Kc2 Bxc3 20. Kxc3 Rxf2 21. Bh5 Rgg2 22. Be1 Rc2+ 23. Kb3 Rxb2+ 24. Ka3 Ng6 25. Bg3 b5 26. Rhc1 Rbc2 27. Rxc2 Rxc2 28. Bxg6 fxg6 29. Kb3 Rc4 30. a4 a5 31. axb5 Rb4+ 32. Ka3 Rxb5 33. Rc1 Rb7 34. Ka4 Kd7 35. Kxa5 c6 36. Ka6 Rb3 37. Ka7 Rxe3 38. Rb1 e5 39. Rb7+ Ke6 40. dxe5 fxe5 41. Rxh7 e4 42. Kb7 Rc3 43. Bh4 d4 44. Re7+ Kf5 45. Rf7+ Kg4 46. Bg3 Rxg3 47. hxg3 Kxg3 48. Kxc6 e3 49. Kd5 e2 50. Re7 d3 51. Kd4 d2 52. Re3+ Kf2 53. Re4 d1Q+ 54. Ke5 e1Q 0-1

[Event "Florianopolis op 4th"]
[Site "Florianopolis"]
[Date "2018.01.20"]
[Round "3"]
[White "Nunes dos Santos, Rafael"]
[Black "Terra, Enzo Schneider"]
[Result "0-1"]
[WhiteElo "1490"]
[BlackElo "1237"]
[PlyCount "40"]
[EventDate "2018.01.19"]
[EventType "swiss"]
[EventRounds "10"]
[EventCountry "BRA"]
[SourceTitle "CBM 182 Extra"]
[Source "ChessBase"]
[SourceDate "2018.02.23"]
[SourceVersion "1"]
[SourceVersionDate "2018.02.23"]
[SourceQuality "1"]

1. g4 d5 2. Bg2 Bxg4 3. c4 Nf6 4. cxd5 c6 5. dxc6 Nxc6 6. Nf3 e5 7. Qb3 Rb8 8. Ng5 Be6 9. Nxe6 fxe6 10. Qxe6+ Be7 11. Bxc6+ bxc6 12. Qxc6+ Qd7 13. Qg2 Qc7 14. Nc3 Bc5 15. Rg1 Rg8 16. d3 Bd4 17. Nd5 Qd6 18. Nxf6+ Qxf6 19. Qd5 Rf8 20. e3 Qxf2+ 0-1

[Event "Joinville op U220"]
[Site "Joinville"]
[Date "2017.02.18"]
[Round "3"]
[White "Feller, Gabriela Luisa Vice"]
[Black "Nunes dos Santos, Rafael"]
[Result "1-0"]
[WhiteElo "1504"]
[BlackElo "1775"]
[PlyCount "67"]
[EventDate "2017.02.17"]
[EventType "swiss"]
[EventRounds "7"]
[EventCountry "BRA"]
[SourceTitle "CBM 177 Extra"]
[Source "ChessBase"]
[SourceDate "2017.04.27"]
[SourceVersion "1"]
[SourceVersionDate "2017.04.27"]
[SourceQuality "1"]

1. d4 g5 2. Bxg5 Bg7 3. c3 c6 4. e4 d5 5. exd5 Qxd5 6. Nf3 Bg4 7. Nbd2 Nd7 8. Qc2 c5 9. dxc5 Nxc5 10. Be3 Bf5 11. Qd1 Nd3+ 12. Bxd3 Bxd3 13. Qa4+ b5 14. Qb3 Qd6 15. 0-0-0 Qe6 16. Qxe6 fxe6 17. Rhe1 b4 18. c4 a5 19. Bd4 Nf6 20. Rxe6 Rc8 21. b3 a4 22. Ree1 axb3 23. axb3 0-0 24. Rxe7 Bh6 25. Re6 Bxd2+ 26. Kxd2 Bg6 27. Rxf6 Ra8 28. Rxf8+ Kxf8 29. Bc5+ Kg7 30. Bxb4 Ra2+ 31. Ke3 Ra6 32. Kd4 Ra2 33. Bc3 Rxf2 34. Ke3+ 1-0

[Event "Florianopolis op 3rd"]
[Site "Florianopolis"]
[Date "2017.01.22"]
[Round "4"]
[White "Nunes dos Santos, Rafael"]
[Black "Feller, Gabriela Luisa Vice"]
[Result "1-0"]
[WhiteElo "1775"]
[BlackElo "1504"]
[PlyCount "89"]
[EventDate "2017.01.20"]
[EventType "swiss"]
[EventRounds "10"]
[EventCountry "BRA"]
[SourceTitle "CBM 176 Extra"]
[Source "ChessBase"]
[SourceDate "2017.03.02"]
[SourceVersion "1"]
[SourceVersionDate "2017.03.02"]
[SourceQuality "1"]

1. g4 d5 2. Bg2 Bxg4 3. c3 Nf6 4. Qb3 Bc8 5. Nf3 e6 6. d4 c5 7. Bg5 Nbd7 8. Na3 Be7 9. Rg1 b6 10. Ne5 Nxe5 11. dxe5 Nd7 12. Bxe7 Qxe7 13. c4 dxc4 14. Nxc4 Rb8 15. Nd6+ Kf8 16. Qg3 Rg8 17. Be4 f5 18. exf6 Nxf6 19. Bd3 Ra8 20. 0-0-0 Bb7 21. Bc2 Ba6 22. Qf3 Rd8 23. Ne4 Rxd1+ 24. Kxd1 h6 25. Nxf6 Qxf6 26. Qa8+ Kf7 27. Qxa7+ Qe7 28. Qxa6 Qd6+ 29. Kc1 Qxh2 30. Qb7+ Kf8 31. Qc8+ Ke7 32. Qb7+ Kf8 33. Rd1 Qf4+ 34. Kb1 Qg5 35. Qxb6 Kf7 36. Qc7+ Kf6 37. f4 Qh5 38. Rg1 g6 39. Qe5+ Qxe5 40. fxe5+ Kxe5 41. Rxg6 Rf8 42. Bb3 Rf6 43. Rxf6 Kxf6 44. Bc2 Ke5 45. Bg6 1-0